[Event "HZ Chess Tournament 2019"]
[Site "Vlissingen"]
[Date "2019.08.06"]
[Round "5.2"]
[White "Zwirs, Nico"]
[Black "Van Wely, Loek"]
[Result "0-1"]
[WhiteElo "2391"]
[BlackElo "2608"]
[PlyCount "110"]
[EventCountry "NED"]

1. e4 c5 2. Nf3 d6 3. d4 cxd4 4. Nxd4 Nf6 5. Nc3 a6 6. Be3 e6 7. Qf3 Nc6 8.
O-O-O Bd7 9. Nxc6 Bxc6 10. g4 b5 11. g5 Nd7 12. Kb1 Be7 13. h4 O-O 14. Qg2 Qc7
15. Bd3 Nc5 16. h5 f5 17. gxf6 Bxf6 18. Ne2 Rac8 19. Bd4 Nxd3 20. Rxd3 e5 21.
Bc3 b4 22. Bd2 Bb5 23. Rc1 Bxd3 24. cxd3 Qd7 25. Rg1 a5 26. Be3 Rf7 27. Ng3 a4
28. Nf5 Kh8 29. Qg4 Rb8 30. Rc1 b3 31. a3 Rc8 32. Rg1 Rc2 33. Nh6 Re7 34. Nf5
Qc6 35. Qd1 Rc7 36. Bd2 d5 37. f3 Qb5 38. Qe2 d4 39. Nd6 Qd7 40. Nc4 h6 41. f4
R7xc4 42. dxc4 exf4 43. Qd3 Be5 44. Bc1 Qf7 45. c5 f3 46. Rf1 f2 47. Qb5 Qxh5
48. Qxa4 d3 49. Qd7 d2 50. Bxd2 Rxb2+ 51. Kc1 Rc2+ 52. Kb1 Ra2 53. Qc8+ Kh7 54.
Qf5+ Qxf5 55. exf5 Ra1# 0-1

[Event "HZ Chess Tournament 2019"]
[Site "Vlissingen"]
[Date "2019.08.06"]
[Round "5.3"]
[White "L'Ami, Erwin"]
[Black "Grochal, Joey"]
[Result "1-0"]
[WhiteElo "2622"]
[BlackElo "2300"]
[PlyCount "85"]
[EventCountry "NED"]

1. Nf3 Nf6 2. c4 e6 3. Nc3 d5 4. d4 Be7 5. Bg5 O-O 6. e3 h6 7. Bh4 b6 8. Be2
Bb7 9. Bxf6 Bxf6 10. cxd5 exd5 11. b4 a6 12. Qb3 Qd6 13. O-O Rd8 14. a4 a5 15.
b5 Nd7 16. Rfd1 Nf8 17. Bf1 Ne6 18. Rac1 g5 19. Ne2 g4 20. Ne1 Ng7 21. Rc3 Rd7
22. Rdc1 Re8 23. Qc2 Bd8 24. Ng3 Qf6 25. Nd3 Rd6 26. Nf4 Qg5 27. Bd3 Re7 28.
Nf5 Nxf5 29. Bxf5 Rf6 30. Bh7+ Kg7 31. g3 h5 32. h4 gxh3 33. Kh2 Bc8 34. Rg1
Bg4 35. Bd3 Kf8 36. Rc6 Bf3 37. Rxf6 Qxf6 38. Be2 Be4 39. Qc6 Qxc6 40. bxc6 Bg2
41. Bxh5 Kg7 42. Nxg2 hxg2 43. Bf3 1-0

[Event "HZ Chess Tournament 2019"]
[Site "Vlissingen"]
[Date "2019.08.06"]
[Round "5.6"]
[White "Romanishin, Oleg M"]
[Black "Timmermans, Ivo"]
[Result "1-0"]
[WhiteElo "2441"]
[BlackElo "2168"]
[PlyCount "145"]
[EventCountry "NED"]

1. d4 Nf6 2. Nf3 d5 3. c4 e6 4. g3 Be7 5. Bg2 O-O 6. O-O dxc4 7. Qc2 a6 8. a4
Bd7 9. Qxc4 Bc6 10. Bf4 Bd6 11. Nc3 Bxf4 12. gxf4 Nd5 13. e3 Nd7 14. Ne2 a5 15.
b3 Qe7 16. Rac1 f5 17. Ne5 Nxe5 18. dxe5 Nb6 19. Qc5 Qxc5 20. Rxc5 Bxg2 21.
Kxg2 c6 22. Rd1 Nd5 23. Kf3 Kf7 24. h4 Ke7 25. h5 Rfd8 26. Rg1 Kf7 27. Rd1 Ke7
28. h6 g6 29. Ng1 Rd7 30. Nh3 Nb6 31. Rcc1 Rxd1 32. Rxd1 Nd7 33. Ng5 Nf8 34.
Ke2 Rd8 35. Rc1 Rd5 36. Rc4 Rd8 37. f3 Rd5 38. e4 Rd8 39. Rc5 Ra8 40. Kd2 Nd7
41. Rc1 Nf8 42. Kc3 Rd8 43. Rb1 Rd7 44. b4 axb4+ 45. Rxb4 Kd8 46. a5 Kc7 47.
Rd4 Rxd4 48. Kxd4 b6 49. axb6+ Kxb6 50. Kc4 Kc7 51. Nf7 Nd7 52. Ng5 Nf8 53. Kc5
Nd7+ 54. Kb4 Nf8 55. Ka5 Kb7 56. Nf7 Kc7 57. Nd6 Nd7 58. Ne8+ Kb7 59. Nd6+ Kc7
60. Nf7 Nf8 61. Ka6 Nd7 62. Ka5 Nf8 63. Ka4 Kb6 64. Kb4 Kc7 65. Nd6 Nd7 66.
Ne8+ Kd8 67. Nf6 Nxf6 68. exf6 fxe4 69. fxe4 e5 70. fxe5 Kd7 71. f7 Ke7 72. e6
g5 73. Kc5 1-0

[Event "HZ Chess Tournament 2019"]
[Site "Vlissingen"]
[Date "2019.08.06"]
[Round "5.7"]
[White "Ortiz Suarez, Isan Reynald"]
[Black "Lacrosse, Marc"]
[Result "1-0"]
[WhiteElo "2551"]
[BlackElo "2160"]
[PlyCount "113"]
[EventCountry "NED"]

1. Nf3 d5 2. c4 e6 3. g3 Nf6 4. Bg2 Be7 5. O-O O-O 6. d4 dxc4 7. Qc2 a6 8. a4
Nc6 9. Qxc4 Qd5 10. Nbd2 Rd8 11. e3 Qxc4 12. Nxc4 Rb8 13. Bd2 Ne4 14. Rfc1 Nxd2
15. Ncxd2 Bd7 16. Nb3 Rdc8 17. Nc5 Be8 18. Nd2 Bxc5 19. Rxc5 Nb4 20. a5 Bb5 21.
Rc3 Kf8 22. Ne4 Ke7 23. Rb3 Nd5 24. Nc5 c6 25. Rc1 Rd8 26. h4 Nf6 27. Bf3 Nd7
28. Ne4 e5 29. Nc3 exd4 30. exd4 Nf6 31. d5 Bc4 32. Re1+ Kf8 33. dxc6 Bxb3 34.
c7 Rdc8 35. cxb8=Q Rxb8 36. g4 h6 37. g5 hxg5 38. hxg5 Nd7 39. Re3 Nc5 40. Nd5
Bxd5 41. Bxd5 Rd8 42. Bf3 Rd7 43. Kf1 Ne6 44. Rb3 Nd8 45. g6 fxg6 46. Rb6 Rf7
47. Be4 Rf6 48. Rb3 Rf7 49. Bxg6 Rc7 50. Re3 Re7 51. Rf3+ Kg8 52. b4 Nc6 53.
Rf4 Rd7 54. Ke2 Rd6 55. Bd3 Rf6 56. Rxf6 gxf6 57. Be4 1-0

[Event "HZ Chess Tournament 2019"]
[Site "Vlissingen"]
[Date "2019.08.06"]
[Round "5.8"]
[White "Hausrath, Daniel"]
[Black "Sparenberg, Erik"]
[Result "1-0"]
[WhiteElo "2502"]
[BlackElo "2173"]
[PlyCount "105"]
[EventCountry "NED"]

1. Nf3 g6 2. g3 Bg7 3. Bg2 c5 4. O-O Nc6 5. d3 Nf6 6. c3 O-O 7. a3 Qc7 8. b4 b6
9. Bb2 Bb7 10. Nbd2 d6 11. Qb3 Rab8 12. Rac1 e6 13. Rfe1 Nd7 14. d4 e5 15. e4
Ne7 16. a4 Rbc8 17. Bh3 c4 18. Qxc4 Qxc4 19. Nxc4 Rxc4 20. Bxd7 exd4 21. Nxd4
Nc6 22. Ne6 Ne5 23. Nxf8 Nf3+ 24. Kg2 Nxe1+ 25. Rxe1 Kxf8 26. f3 Bc6 27. Bxc6
Rxc6 28. Rd1 Ke7 29. Kf1 Kd7 30. Rc1 a5 31. b5 Rc4 32. Ra1 Rc5 33. Ra3 d5 34.
exd5 Rxd5 35. Ke2 Rh5 36. h4 g5 37. g4 Rxh4 38. Bc1 Rh2+ 39. Kd3 Bf8 40. Rb3
Rf2 41. Ke4 Ra2 42. Bxg5 Rxa4+ 43. Kd5 Ra1 44. Be3 a4 45. Rb2 a3 46. Rd2 a2 47.
Kc4+ Kc7 48. Kb3 Rb1+ 49. Kxa2 Rxb5 50. Rh2 h6 51. Bxh6 Bxh6 52. Rxh6 Kd7 53.
Rh5 1-0

[Event "HZ Chess Tournament 2019"]
[Site "Vlissingen"]
[Date "2019.08.06"]
[Round "5.9"]
[White "Leenhouts, Koen"]
[Black "Berghuis, Marten"]
[Result "1-0"]
[WhiteElo "2425"]
[BlackElo "2031"]
[PlyCount "67"]
[EventCountry "NED"]

1. d4 Nf6 2. c4 c5 3. d5 e6 4. Nc3 exd5 5. cxd5 d6 6. e4 g6 7. Nge2 Bg7 8. Ng3
O-O 9. Be2 a6 10. a4 Nbd7 11. O-O Qc7 12. Be3 Ne5 13. h3 h6 14. Qd2 Kh7 15. f4
Ned7 16. Rae1 Rb8 17. Kh1 Re8 18. Bc4 Qa5 19. Qd3 Qd8 20. Bd2 Ng8 21. Ba2 Qh4
22. e5 dxe5 23. f5 Ndf6 24. Nce4 g5 25. d6 Rd8 26. Bxf7 Bd7 27. Nxf6+ Nxf6 28.
Re4 Nxe4 29. Nxe4 Bc6 30. Bg6+ Kh8 31. f6 Bf8 32. Be1 Bxe4 33. Bxe4 Rxd6 34.
Qe2 1-0

[Event "HZ Chess Tournament 2019"]
[Site "Vlissingen"]
[Date "2019.08.06"]
[Round "5.13"]
[White "Wunnink, Michael"]
[Black "Westerweele, Henrik"]
[Result "1-0"]
[WhiteElo "2249"]
[BlackElo "1956"]
[PlyCount "63"]
[EventCountry "NED"]

1. d4 e6 2. c4 f5 3. g3 Nf6 4. Bg2 Be7 5. Nf3 d6 6. O-O O-O 7. b3 Qe8 8. Bb2
Qh5 9. e3 Ne4 10. Nc3 Nxc3 11. Bxc3 Nd7 12. Qc2 Nf6 13. Rae1 Ne4 14. Nd2 Nxc3
15. Qxc3 Bf6 16. f4 Re8 17. Nf3 Bd7 18. Qa5 Bd8 19. Qd2 Bf6 20. Qd3 Rad8 21.
Nd2 c6 22. e4 e5 23. fxe5 dxe5 24. d5 f4 25. c5 fxg3 26. hxg3 Rf8 27. Nc4 Bg4
28. Nd6 Be7 29. Nxb7 Rxf1+ 30. Qxf1 Rd7 31. dxc6 Rxb7 32. Qc4+ 1-0

[Event "HZ Chess Tournament 2019"]
[Site "Vlissingen"]
[Date "2019.08.06"]
[Round "5.15"]
[White "Baarslag, Ed"]
[Black "Van Haaften, Maarten"]
[Result "1/2-1/2"]
[WhiteElo "2193"]
[BlackElo "1870"]
[PlyCount "79"]
[EventCountry "NED"]

1. d4 e6 2. c4 f5 3. g3 Nf6 4. Bg2 Be7 5. Nf3 d6 6. O-O O-O 7. b3 a5 8. Bb2 Ne4
9. Nfd2 d5 10. Nxe4 fxe4 11. Nc3 Nc6 12. e3 Nb4 13. f3 Nd3 14. Bc1 Nxc1 15.
Rxc1 exf3 16. Rxf3 c6 17. Rc2 Bf6 18. Rf1 Rb8 19. Rcf2 b5 20. e4 dxe4 21. Kh1
e3 22. Rf3 e5 23. Rxe3 exd4 24. Rd3 bxc4 25. bxc4 Be6 26. Ne4 c5 27. Nd2 Rb2
28. Qh5 Qd6 29. Be4 g6 30. Bxg6 hxg6 31. Qxg6+ Bg7 32. Rxf8+ Kxf8 33. Rf3+ Kg8
34. Qe8+ Kh7 35. Qh5+ Bh6 36. Ne4 Rb1+ 37. Kg2 Rb2+ 38. Kg1 Rb1+ 39. Kg2 Rb2+
40. Kh1 1/2-1/2

[Event "HZ Chess Tournament 2019"]
[Site "Vlissingen"]
[Date "2019.08.06"]
[Round "5.16"]
[White "Krause, Thomas"]
[Black "Mesman, Edwyn"]
[Result "1/2-1/2"]
[WhiteElo "2062"]
[BlackElo "2154"]
[PlyCount "103"]
[EventCountry "NED"]

1. c4 Nf6 2. Nc3 g6 3. e4 e5 4. Nf3 Bg7 5. Be2 O-O 6. d4 exd4 7. Nxd4 Re8 8. f3
c6 9. Nb3 a5 10. a4 d5 11. Bg5 dxc4 12. Qxd8 Rxd8 13. Bxc4 Re8 14. Rd1 Nfd7 15.
Be3 b6 16. O-O Na6 17. Bxa6 Rxa6 18. Rd6 Ne5 19. Rfd1 Be6 20. Rd8 Ra8 21. Rxa8
Rxa8 22. Nd4 Bd7 23. h3 Nc4 24. Bc1 Bf8 25. b3 Nd6 26. Bf4 Nb7 27. g4 Rc8 28.
Kg2 Nc5 29. Be3 Bg7 30. Nce2 Rb8 31. Rc1 Rb7 32. Rc2 Kf8 33. Rc1 Nd3 34. Rd1
Nb4 35. Bf4 Ke7 36. Bg5+ Ke8 37. Bf4 Ra7 38. Be3 Rb7 39. Bf4 Bf8 40. Nc3 Bc5
41. Nce2 Be7 42. Nc3 f6 43. h4 Kf7 44. g5 f5 45. Kg3 Na6 46. h5 Nc5 47. Rh1 Ne6
48. hxg6+ hxg6 49. Rh7+ Kf8 50. Rh8+ Kf7 51. Rh7+ Kf8 52. Rh8+ 1/2-1/2

[Event "HZ Chess Tournament 2019"]
[Site "Vlissingen"]
[Date "2019.08.06"]
[Round "5.17"]
[White "Hng, Mei-En Emmanuelle"]
[Black "De Wilde, Rik"]
[Result "1/2-1/2"]
[WhiteElo "2026"]
[BlackElo "2169"]
[PlyCount "64"]
[EventCountry "NED"]

1. e4 e6 2. d4 d5 3. Nc3 Bb4 4. e5 c5 5. Bd2 Nh6 6. Nf3 Nc6 7. Bd3 cxd4 8. Nb5
Bxd2+ 9. Qxd2 O-O 10. Nbxd4 Nxd4 11. Nxd4 f6 12. f4 fxe5 13. fxe5 Qh4+ 14. g3
Qh5 15. Qe2 Qg5 16. Rf1 Rxf1+ 17. Kxf1 Bd7 18. Kg2 Ng4 19. Re1 Rf8 20. Nf3 Qe7
21. h3 Nh6 22. Nd4 Be8 23. Rf1 Rxf1 24. Qxf1 Bg6 25. Bxg6 hxg6 26. Qb5 Nf5 27.
Nxf5 gxf5 28. h4 Qc7 29. Qe8+ Kh7 30. Qh5+ Kg8 31. Qe8+ Kh7 32. Qh5+ Kg8
1/2-1/2

[Event "HZ Chess Tournament 2019"]
[Site "Vlissingen"]
[Date "2019.08.06"]
[Round "5.18"]
[White "De Zwart, Johan"]
[Black "Stange, Sven"]
[Result "1/2-1/2"]
[WhiteElo "1989"]
[BlackElo "2167"]
[PlyCount "85"]
[EventCountry "NED"]

1. e4 e5 2. Nf3 Nf6 3. Nc3 Bb4 4. Nxe5 O-O 5. Nd3 Bxc3 6. dxc3 Nxe4 7. Be2 d6
8. O-O Nd7 9. Nf4 Ndf6 10. f3 Nc5 11. c4 b6 12. Nd5 c6 13. Nc3 Ne6 14. Be3 Ba6
15. Re1 Qc7 16. Qd2 Rad8 17. Rad1 Qc8 18. Bf2 d5 19. cxd5 Nxd5 20. Nxd5 Rxd5
21. Qe3 Rfd8 22. Rxd5 Rxd5 23. c4 Rd8 24. b3 c5 25. Bd3 Qd7 26. Be4 Bb7 27. Bh4
Rf8 28. Qd3 Qxd3 29. Bxd3 g5 30. Bg3 Rd8 31. Bf5 Nd4 32. Be4 Bxe4 33. Rxe4 Ne6
34. Kf1 Rd1+ 35. Re1 Rd2 36. Re2 Rd1+ 37. Re1 Rd7 38. Be5 h6 39. Ke2 Kh7 40.
Rd1 Re7 41. Kf2 Kg6 42. g3 f6 43. Bc3 1/2-1/2

[Event "HZ Chess Tournament 2019"]
[Site "Vlissingen"]
[Date "2019.08.06"]
[Round "5.19"]
[White "Smit, Manuel"]
[Black "Duchene, Rene"]
[Result "0-1"]
[WhiteElo "1831"]
[BlackElo "2157"]
[PlyCount "128"]
[EventCountry "NED"]

1. e4 e6 2. d4 d5 3. Nd2 c5 4. Ngf3 Nf6 5. e5 Nfd7 6. c3 Nc6 7. Bd3 Be7 8. O-O
g5 9. h3 h5 10. g4 hxg4 11. hxg4 Qb6 12. Nb3 c4 13. Nxg5 cxd3 14. Kg2 Rg8 15.
f4 f6 16. exf6 Nxf6 17. Qxd3 Bd7 18. Bd2 O-O-O 19. Qf3 Ne4 20. Nxe4 dxe4 21.
Qe2 Rdf8 22. g5 Bd6 23. Be3 Qc7 24. Qd2 Ne7 25. Nc1 Bb5 26. Rf2 Nd5 27. Ne2
Bxe2 28. Qxe2 Bxf4 29. Bc1 Rxg5+ 30. Kf1 Qg7 31. Qxe4 Rg1+ 32. Ke2 Qg4+ 33. Kd3
Qf5 34. Qxf5 Rxf5 35. Rc2 Rh5 36. a3 Rhh1 37. c4 Ne7 38. Bxf4 Rxa1 39. Rg2 Rag1
40. Re2 Kd7 41. Kc3 Rg4 42. Rf2 Rh3+ 43. Kd2 Ng6 44. Be3 Rgg3 45. Re2 Ne7 46.
Bf2 Rg2 47. Ke1 Rh1+ 48. Kd2 Rhh2 49. Ke1 Rxf2 50. Rxf2 Rxf2 51. Kxf2 Nf5 52.
d5 exd5 53. cxd5 Kd6 54. Ke2 Kxd5 55. Kd3 Nd6 56. Kc3 Kc5 57. Kb3 Ne4 58. Ka4
b5+ 59. Kb3 Nd2+ 60. Kc3 Nc4 61. b4+ Kd5 62. a4 a6 63. Kc2 Kd4 64. Kb3 Kd3 0-1

[Event "HZ Chess Tournament 2019"]
[Site "Vlissingen"]
[Date "2019.08.06"]
[Round "5.20"]
[White "Weber, Dirk"]
[Black "Van Dijkhuizen, Robbert"]
[Result "1-0"]
[WhiteElo "2227"]
[BlackElo "1819"]
[PlyCount "91"]
[EventCountry "NED"]

1. c4 e5 2. a3 Nf6 3. e3 d5 4. cxd5 Nxd5 5. Nf3 Bd6 6. Qc2 O-O 7. Be2 c5 8. d3
Nc6 9. Nbd2 b6 10. b3 Bb7 11. Bb2 Rc8 12. g4 Qd7 13. Ne4 Bb8 14. Rg1 Rfd8 15.
h4 f6 16. Rd1 Qe6 17. Nfd2 a5 18. Ng3 Ba6 19. Nde4 Nce7 20. Kf1 b5 21. Nf5 Nxf5
22. gxf5 Qxf5 23. Rg3 h5 24. Nxc5 Ba7 25. b4 Bxc5 26. bxc5 Ne7 27. Qb3+ Kf8 28.
e4 Qh7 29. Rc1 Nc6 30. Qe6 Re8 31. Qf5 Qxf5 32. exf5 b4 33. Ra1 e4 34. axb4
Nxb4 35. d4 Bxe2+ 36. Kxe2 Red8 37. Bc3 Nc6 38. Ke3 Rb8 39. Kxe4 Re8+ 40. Kd3
Rb3 41. Kc4 Rbb8 42. Re3 Nb4 43. Rxa5 Nc2 44. Rxe8+ Rxe8 45. Ra7 Re4 46. c6 1-0

[Event "HZ Chess Tournament 2019"]
[Site "Vlissingen"]
[Date "2019.08.06"]
[Round "5.21"]
[White "Grooten, Herman"]
[Black "Oosting, Robert"]
[Result "1-0"]
[WhiteElo "2310"]
[BlackElo "1962"]
[PlyCount "49"]
[EventCountry "NED"]

1. d4 Nf6 2. c4 g6 3. Nc3 d5 4. Bg5 Ne4 5. h4 Nxc3 6. bxc3 dxc4 7. e3 Be6 8.
Qb1 Bg7 9. Qxb7 Bd5 10. Qb5+ Qd7 11. a4 Qxb5 12. axb5 a6 13. bxa6 Rxa6 14. Rxa6
Nxa6 15. Nf3 c5 16. Nd2 cxd4 17. cxd4 O-O 18. Nxc4 Nb4 19. Nb6 Rb8 20. Nxd5
Nxd5 21. Bd3 Rb3 22. Be4 e5 23. Kd2 Nc3 24. Bc2 Ra3 25. Be7 1-0

[Event "HZ Chess Tournament 2019"]
[Site "Vlissingen"]
[Date "2019.08.06"]
[Round "5.22"]
[White "Van de Poel, Taco"]
[Black "Cordes, Hans-Joerg"]
[Result "0-1"]
[WhiteElo "1880"]
[BlackElo "2178"]
[PlyCount "68"]
[EventCountry "NED"]

1. e4 e6 2. d4 d5 3. e5 c5 4. c3 Nc6 5. Nf3 Qb6 6. Bd3 cxd4 7. cxd4 Bd7 8. O-O
Nxd4 9. Nbd2 Nxf3+ 10. Nxf3 Bb5 11. Be3 Qa6 12. Bxb5+ Qxb5 13. Rc1 Qd7 14. a3
Ne7 15. b4 Nc6 16. Qd2 a6 17. Bd4 Be7 18. Bb2 O-O 19. h4 Rfc8 20. Qd3 h6 21. g4
b5 22. g5 hxg5 23. Nxg5 Bxg5 24. hxg5 Ne7 25. Bd4 Rc4 26. f4 Nf5 27. Bc5 d4 28.
Qh3 Qd5 29. Rcd1 Rd8 30. Rd3 Rc2 31. Qf3 Qa2 32. Rf2 Rc1+ 33. Rf1 Rxf1+ 34.
Qxf1 Ne3 0-1

[Event "HZ Chess Tournament 2019"]
[Site "Vlissingen"]
[Date "2019.08.06"]
[Round "5.23"]
[White "Elgersma, Simon"]
[Black "Van der Borgt, Peter"]
[Result "1-0"]
[WhiteElo "2128"]
[BlackElo "1938"]
[PlyCount "77"]
[EventCountry "NED"]

1. e4 c5 2. Nf3 Nc6 3. Bb5 e6 4. O-O Nge7 5. d4 cxd4 6. Nxd4 Nxd4 7. Qxd4 Nc6
8. Bxc6 bxc6 9. c4 Qb6 10. Qd3 d5 11. exd5 cxd5 12. cxd5 Ba6 13. Qf3 Bxf1 14.
dxe6 O-O-O 15. Kxf1 fxe6 16. Nc3 Bc5 17. Bf4 Qb7 18. Qe2 Rhf8 19. Qxe6+ Qd7 20.
Qa6+ Qb7 21. Qc4 Rxf4 22. Qxf4 Rf8 23. Qg4+ Kb8 24. f3 Qa6+ 25. Ne2 Re8 26. Re1
Qd3 27. Qf4+ Ka8 28. Qc1 Qd6 29. Rd1 Qe6 30. Qd2 Qxa2 31. Nc3 Qa6+ 32. Qd3
Qxd3+ 33. Rxd3 Rb8 34. Ne4 Be7 35. b3 Rd8 36. Rc3 Kb7 37. Kf2 Kb6 38. f4 Kb5
39. Rc7 1-0

[Event "HZ Chess Tournament 2019"]
[Site "Vlissingen"]
[Date "2019.08.06"]
[Round "5.24"]
[White "Wagenvoorde, Guido"]
[Black "Schakel, Lemmy"]
[Result "1-0"]
[WhiteElo "2128"]
[BlackElo "1911"]
[PlyCount "111"]
[EventCountry "NED"]

1. d4 Nf6 2. c4 g6 3. Nc3 Bg7 4. e4 d6 5. Be2 O-O 6. Bg5 Na6 7. Qd2 e5 8. d5
Nc5 9. f3 Qd7 10. g4 Ne8 11. b4 f6 12. Be3 Na4 13. Nxa4 Qxa4 14. Bd1 Qd7 15.
Bc2 f5 16. gxf5 gxf5 17. Ne2 Qf7 18. O-O-O c6 19. Kb1 cxd5 20. cxd5 Nf6 21. Rc1
Bd7 22. Bd3 Rfc8 23. Rxc8+ Rxc8 24. Rc1 Rxc1+ 25. Qxc1 fxe4 26. fxe4 Bg4 27.
Ng3 a6 28. Bb6 Ne8 29. Qg5 Qf4 30. Be3 Qxg5 31. Bxg5 Kf7 32. Kb2 Nf6 33. Ka3 b5
34. Bc2 Nd7 35. Be3 Bf6 36. Kb3 Bd8 37. a4 Nb6 38. axb5 axb5 39. Bd3 Bd7 40.
Ne2 Na4 41. Ng3 Kg6 42. Nf5 Bxf5 43. exf5+ Kf6 44. Bxb5 Nb6 45. Bxb6 Bxb6 46.
Bd3 h6 47. Kc4 Bd8 48. Kb5 e4 49. Bxe4 Ke5 50. Bg2 Kxf5 51. Kc6 Ke5 52. b5 Ba5
53. b6 Bxb6 54. Kxb6 Kf6 55. Kc6 Ke7 56. Kc7 1-0

[Event "HZ Chess Tournament 2019"]
[Site "Vlissingen"]
[Date "2019.08.06"]
[Round "5.25"]
[White "Morssink, Pieter Jan"]
[Black "Zwirs, Jasper"]
[Result "0-1"]
[WhiteElo "1918"]
[BlackElo "2110"]
[PlyCount "52"]
[EventCountry "NED"]

1. Nf3 d5 2. g3 Nf6 3. Bg2 e6 4. O-O Be7 5. c4 O-O 6. b3 b6 7. cxd5 exd5 8. Bb2
Bb7 9. d4 Nbd7 10. Nbd2 Re8 11. Ne5 c5 12. Rc1 Qc7 13. Rc2 Bf8 14. Ndf3 Rad8
15. e3 Qb8 16. Ng5 Re7 17. Bh3 Nxe5 18. dxe5 Ne4 19. Nf3 Ree8 20. Qa1 Bc8 21.
Bg2 Bf5 22. Nh4 Nxg3 23. Nxf5 Nxf5 24. e4 dxe4 25. Bxe4 Nd4 26. Bxd4 Rxd4 0-1

[Event "HZ Chess Tournament 2019"]
[Site "Vlissingen"]
[Date "2019.08.06"]
[Round "5.26"]
[White "Merbis, Max"]
[Black "Van Der Straeten, Lieven"]
[Result "1-0"]
[WhiteElo "2103"]
[BlackElo "1809"]
[PlyCount "103"]
[EventCountry "NED"]

1. d4 Nf6 2. c4 g6 3. Nc3 Bg7 4. e4 d6 5. Nf3 O-O 6. Be2 e5 7. Be3 Nc6 8. d5
Ne7 9. Nd2 c6 10. O-O cxd5 11. cxd5 Ne8 12. a4 f5 13. f3 f4 14. Bf2 g5 15. Nb5
a6 16. Na3 Ng6 17. Nac4 h5 18. Nb6 Rb8 19. Rc1 Nf6 20. Rc3 Bd7 21. Qb3 g4 22.
Rfc1 g3 23. hxg3 fxg3 24. Bxg3 h4 25. Bf2 Nf4 26. Bf1 h3 27. g3 N4h5 28. Rc7
h2+ 29. Kxh2 Ng4+ 30. Kg2 Nxf2 31. Kxf2 Qg5 32. Ke1 Bh6 33. R1c2 Qxg3+ 34. Kd1
Bh3 35. Nbc4 Bxf1 36. Nxf1 Qg1 37. Ke1 Nf4 38. Nce3 b5 39. Rh2 Bg7 40. a5 Rbc8
41. Rc6 Qg6 42. Qc2 Ra8 43. Rh4 Qf6 44. Nf5 Rfd8 45. Rg4 Ra7 46. Rc7 Nd3+ 47.
Kd2 Rxc7 48. Qxc7 Nxb2 49. Qxg7+ Qxg7 50. Rxg7+ Kf8 51. N1e3 Rc8 52. Ra7 1-0

[Event "HZ Chess Tournament 2019"]
[Site "Vlissingen"]
[Date "2019.08.06"]
[Round "5.28"]
[White "Reichardt, Robin"]
[Black "Mityaev, Alexandr"]
[Result "0-1"]
[WhiteElo "1811"]
[BlackElo "2087"]
[PlyCount "106"]
[EventCountry "NED"]

1. d4 d5 2. c4 c6 3. Nf3 Nf6 4. Nbd2 Bf5 5. Nh4 Be6 6. e3 dxc4 7. Nxc4 c5 8.
Nf3 cxd4 9. Nxd4 Bd5 10. f3 e6 11. Be2 Bb4+ 12. Bd2 Bc5 13. Bc3 Nc6 14. Nxc6
Bxc6 15. b4 Nd5 16. bxc5 Nxc3 17. Qxd8+ Rxd8 18. Nd6+ Ke7 19. Rc1 Nxa2 20. Ra1
Nc3 21. Rxa7 Ra8 22. Rxa8 Rxa8 23. Kd2 Nxe2 24. Kxe2 Ra2+ 25. Kd3 Rxg2 26. Rb1
Bxf3 27. e4 Be2+ 28. Kc3 Ba6 29. Nxb7 Rxh2 30. c6 Rh5 31. Rd1 Rb5 32. Rd7+ Kf6
33. Kd4 e5+ 34. Ke3 Rb3+ 35. Kd2 Rb4 36. Rd6+ Kg5 37. Nc5 Bc8 38. Kc3 Rd4 39.
Nb7 h5 40. Rxd4 exd4+ 41. Kxd4 Kf4 42. Nd6 Be6 43. Nf5 g6 44. Ne7 h4 45. Nd5+
Kf3 46. Ke5 g5 47. Kd6 h3 48. Nf6 h2 49. Nh7 Kf4 50. Nf8 h1=Q 51. Nxe6+ fxe6
52. Kxe6 Qxe4+ 53. Kd6 Qxc6+ 0-1

[Event "HZ Chess Tournament 2019"]
[Site "Vlissingen"]
[Date "2019.08.06"]
[Round "5.29"]
[White "Van der Zalm, Marnix"]
[Black "Pang, Khai Jie Ryan"]
[Result "1/2-1/2"]
[WhiteElo "2062"]
[BlackElo "1770"]
[PlyCount "46"]
[EventCountry "NED"]

1. g3 e5 2. Bg2 d5 3. d3 Nf6 4. Nf3 Bd6 5. O-O O-O 6. Nc3 c6 7. e4 d4 8. Ne2
Bg4 9. Ne1 Qd7 10. f4 c5 11. f5 Nc6 12. h3 Bxe2 13. Qxe2 b5 14. g4 Ne8 15. g5
g6 16. h4 Ng7 17. Bh3 gxf5 18. exf5 e4 19. dxe4 c4 20. Bf4 Rfe8 21. Bg4 Bxf4
22. Rxf4 Qd6 23. Ng2 Ne5 1/2-1/2

[Event "HZ Chess Tournament 2019"]
[Site "Vlissingen"]
[Date "2019.08.06"]
[Round "5.30"]
[White "Hahnen, Elke"]
[Black "Haak, Eelco"]
[Result "1/2-1/2"]
[WhiteElo "1803"]
[BlackElo "2003"]
[PlyCount "31"]
[EventCountry "NED"]

1. e4 e6 2. d4 d5 3. Nc3 Bb4 4. e5 c5 5. Nf3 Ne7 6. Be2 Nbc6 7. O-O Qa5 8. Nb5
c4 9. a4 a6 10. Na3 c3 11. b3 Bd7 12. Be3 Rc8 13. Nh4 Ng6 14. Nf3 Nge7 15. Nh4
Ng6 16. Nf3 1/2-1/2

[Event "HZ Chess Tournament 2019"]
[Site "Vlissingen"]
[Date "2019.08.06"]
[Round "5.31"]
[White "Hoffman, Ron"]
[Black "Koster, Paul"]
[Result "1-0"]
[WhiteElo "1987"]
[BlackElo "1764"]
[PlyCount "108"]
[EventCountry "NED"]

1. c4 e5 2. Nc3 Nf6 3. Nf3 Nc6 4. e3 Bb4 5. Qc2 Bxc3 6. Qxc3 Qe7 7. d4 exd4 8.
Nxd4 Nxd4 9. Qxd4 c5 10. Qh4 d5 11. cxd5 Nxd5 12. Qxe7+ Kxe7 13. a3 b6 14. Bd2
Bb7 15. Bc4 Rhd8 16. h4 Kf8 17. h5 h6 18. O-O-O Nc7 19. f3 Bd5 20. Be2 Bb3 21.
Rdg1 a5 22. g4 b5 23. g5 hxg5 24. Rxg5 Ne6 25. Rg3 b4 26. f4 Ra7 27. e4 Rad7
28. Be3 a4 29. Rgg1 Nd4 30. Bg4 Re7 31. e5 Be6 32. Bxd4 Rxd4 33. h6 gxh6 34.
Rxh6 Bxg4 35. Rxg4 Red7 36. Rh1 Ke7 37. Rf1 b3 38. Rg2 Rc4+ 39. Kb1 Re4 40.
Rgf2 Rdd4 41. Kc1 Ke6 42. Rf3 Rc4+ 43. Kd2 Rc2+ 44. Kd3 Rd4+ 45. Ke3 Rxb2 46.
Rh3 Rc2 47. Rh6+ Ke7 48. Rb6 b2 49. Rh1 Rc3+ 50. Ke2 Rc2+ 51. Ke3 Rdd2 52. f5
Re2+ 53. Kf4 Rf2+ 54. Ke4 Rfe2+ 1-0

[Event "HZ Chess Tournament 2019"]
[Site "Vlissingen"]
[Date "2019.08.06"]
[Round "5.32"]
[White "Braun, Eric"]
[Black "De Boer, Robert"]
[Result "1/2-1/2"]
[WhiteElo "1602"]
[BlackElo "1976"]
[PlyCount "47"]
[EventCountry "NED"]

1. d4 d5 2. Nf3 Nf6 3. Bf4 Bf5 4. e3 e6 5. c4 c6 6. Qb3 Qb6 7. c5 Qxb3 8. axb3
Nbd7 9. h3 Be7 10. b4 a6 11. Nbd2 Bc2 12. b5 cxb5 13. Bxb5 O-O 14. Be2 Ne4 15.
O-O Nxd2 16. Nxd2 e5 17. Bxe5 Nxe5 18. dxe5 Rac8 19. b4 Rfd8 20. Bg4 Rc7 21.
Rfc1 Bd3 22. Ra3 Bb5 23. Nb3 g6 24. Nd4 1/2-1/2

[Event "HZ Chess Tournament 2019"]
[Site "Vlissingen"]
[Date "2019.08.06"]
[Round "5.33"]
[White "Veer Sethi"]
[Black "Volkers, Annemarie"]
[Result "0-1"]
[WhiteElo "1575"]
[BlackElo "1966"]
[PlyCount "85"]
[EventCountry "NED"]

1. e4 c5 2. d4 cxd4 3. c3 dxc3 4. Nxc3 Nc6 5. Bc4 e6 6. Nf3 Bc5 7. O-O a6 8.
Qe2 Nge7 9. Bg5 h6 10. Bh4 b5 11. Bb3 O-O 12. Rac1 Qb6 13. Rfd1 Ng6 14. Bg3 Nd4
15. Nxd4 Bxd4 16. Kh1 Be5 17. Bxe5 Nxe5 18. f4 Nc6 19. f5 Ne7 20. f6 gxf6 21.
Qh5 Qe3 22. Rf1 Qg5 23. Qf3 Bb7 24. Qd3 Rad8 25. Rce1 Ng6 26. Re3 Kh7 27. g3
Ne5 28. Qe2 f5 29. Kg1 Ng4 30. Rd3 b4 31. exf5 bxc3 32. h4 Qg7 33. Bc2 exf5 34.
Rxc3 Be4 35. Bxe4 fxe4 36. Qxe4+ Qg6 37. Qe2 d5 38. Rcf3 d4 39. Qe7 Qg7 40. Qa7
Ne5 41. Ra3 d3 42. Qe3 Nc4 43. Qe4+ 0-1

[Event "HZ Chess Tournament 2019"]
[Site "Vlissingen"]
[Date "2019.08.06"]
[Round "5.34"]
[White "Klepke, Ricardo"]
[Black "Wastiaux, Roland"]
[Result "1-0"]
[WhiteElo "2267"]
[BlackElo "1727"]
[PlyCount "73"]
[EventCountry "NED"]

1. d4 d5 2. c4 e6 3. Nf3 Nf6 4. g3 Nbd7 5. Bg2 Bb4+ 6. Nbd2 c6 7. O-O O-O 8.
Qc2 a5 9. e4 dxe4 10. Nxe4 Nxe4 11. Qxe4 Nf6 12. Qe2 Be7 13. Rd1 Re8 14. Bf4 a4
15. Rab1 Qa5 16. Ne5 Nd7 17. c5 Qa6 18. Qxa6 Rxa6 19. Nc4 Nf6 20. Bf1 Ra7 21.
Bb8 Ra8 22. Bd6 Nd5 23. Bxe7 Rxe7 24. Bg2 Bd7 25. Re1 Ra6 26. f4 b5 27. Bxd5
cxd5 28. Nd6 Kf8 29. Re3 b4 30. Rbe1 Ra8 31. f5 Rb8 32. g4 h6 33. h4 b3 34. a3
Kg8 35. g5 hxg5 36. hxg5 Ra8 37. f6 1-0

[Event "HZ Chess Tournament 2019"]
[Site "Vlissingen"]
[Date "2019.08.06"]
[Round "5.35"]
[White "Zevenhuizen, Daniel"]
[Black "De Wilde, Steven"]
[Result "1-0"]
[WhiteElo "2152"]
[BlackElo "1771"]
[PlyCount "57"]
[EventCountry "NED"]

1. Nf3 e6 2. c4 Nf6 3. g3 d5 4. Bg2 Be7 5. O-O c5 6. b3 O-O 7. Bb2 Nc6 8. e3 b6
9. Nc3 Bb7 10. cxd5 Nxd5 11. Nxd5 exd5 12. d4 Bf6 13. Qd2 c4 14. bxc4 Ba6 15.
cxd5 Bxf1 16. Rxf1 Na5 17. Bc3 Nc4 18. Qd3 Rc8 19. e4 Be7 20. e5 Ba3 21. Bh3
Rc7 22. d6 Bxd6 23. exd6 Qxd6 24. d5 Qh6 25. Bg2 Rd8 26. Re1 b5 27. Nd4 Nd6 28.
Bd2 Qf6 29. Ba5 1-0